|
|
|
|
| LEADER |
00000nam a2200000 4500 |
| 008 |
190327b2018 cr ||||| |||| 00| | spa d |
| 090 |
|
|
|a 06.03.04
|b 521
|
| 100 |
1 |
|
|9 736
|a Arguedas Quesada, Consuelo
|
| 245 |
1 |
0 |
|a Programa Vinculación socio educativa y educación permanente /
|b Consuelo Arguedas Quesada, Katya Arroyo Guerra
|
| 260 |
|
|
|a [San José, Costa Rica] :
|b INIE,
|c 2018
|
| 300 |
|
|
|a 1 volumen (en varias paginaciones)
|
| 500 |
|
|
|a Informe Proyecto de Acción Social ED-831
|
| 500 |
|
|
|a La Unidad posee informes I ciclo 2018, 2018, 2019
|
| 650 |
1 |
4 |
|9 11
|a CALIDAD DE LA EDUCACIÓN
|
| 650 |
1 |
4 |
|9 729
|a CAPACITACIÓN
|
| 650 |
1 |
4 |
|9 24
|a DESARROLLO DE LA EDUCACIÓN
|
| 650 |
1 |
4 |
|9 1841
|a DOCENCIA
|
| 650 |
1 |
4 |
|9 331
|a DOCENTES
|
| 650 |
1 |
4 |
|9 14
|a ENSEÑANZA
|
| 700 |
1 |
|
|a Arroyo Guerra, Katya
|9 4315
|
| 942 |
|
|
|i 004577,004619,00895
|h 06.03.04 521
|2 z
|c 04
|
| 999 |
|
|
|c 3678
|d 3678
|